Statistics for Every Superbowl Matchup

Click here to take the quiz!

General Stats

  • This quiz has been taken 194 times
  • The average score is 75 of 114

Answer Stats

NumberYearWinner% Correct
I1967Kansas City Chiefs
97%
LVII2023Kansas City Chiefs
97%
LV2021Kansas City Chiefs
97%
IV1970Kansas City Chiefs
97%
LIV2020Kansas City Chiefs
97%
I1967Green Bay Packers
83%
XXXII1998Green Bay Packers
83%
XXXI1997Green Bay Packers
83%
XLV2011Green Bay Packers
83%
II1968Green Bay Packers
83%
LII2018New England Patriots
80%
XXXIX2005New England Patriots
80%
XX1986New England Patriots
80%
XXXI1997New England Patriots
80%
LIII2019New England Patriots
80%
XXXVI2002New England Patriots
80%
XXXVIII2004New England Patriots
80%
XLII2008New England Patriots
80%
XLVI2012New England Patriots
80%
XLIX2015New England Patriots
80%
LI2017New England Patriots
80%
XVI1982San Francisco 49ers
77%
XLVII2013San Francisco 49ers
77%
LIV2020San Francisco 49ers
77%
XXIX1995San Francisco 49ers
77%
XXIV1990San Francisco 49ers
77%
XXIII1989San Francisco 49ers
77%
XIX1985San Francisco 49ers
77%
XXXIX2005Philadelphia Eagles
74%
LII2018Philadelphia Eagles
74%
LVII2023Philadelphia Eagles
74%
XV1981Philadelphia Eagles
74%
XLVIII2014Denver Broncos
73%
XXII1988Denver Broncos
73%
XII1978Denver Broncos
73%
L2016Denver Broncos
73%
XXXIII1999Denver Broncos
73%
XXIV1990Denver Broncos
73%
XXXII1998Denver Broncos
73%
XXI1987Denver Broncos
73%
XXX1996Pittsburgh Steelers
71%
XIII1979Pittsburgh Steelers
71%
XIV1980Pittsburgh Steelers
71%
XLV2011Pittsburgh Steelers
71%
XLIII2009Pittsburgh Steelers
71%
X1976Pittsburgh Steelers
71%
IX1975Pittsburgh Steelers
71%
XL2006Pittsburgh Steelers
71%
X1976Dallas Cowboys
67%
XXVIII1994Dallas Cowboys
67%
XXX1996Dallas Cowboys
67%
XIII1979Dallas Cowboys
67%
XXVII1993Dallas Cowboys
67%
VI1972Dallas Cowboys
67%
V1971Dallas Cowboys
67%
XII1978Dallas Cowboys
67%
LIII2019Los Angeles Rams
67%
XIV1980Los Angeles Rams
67%
LVI2022Los Angeles Rams
67%
III1969New York Jets
67%
XXXIV2000St. Louis Rams
67%
XXXVI2002St. Louis Rams
67%
XVI1982Cincinnati Bengals
66%
XXIII1989Cincinnati Bengals
66%
LVI2022Cincinnati Bengals
66%
III1969Baltimore Colts
64%
V1971Baltimore Colts
64%
XLI2007Indianapolis Colts
64%
XLIV2010Indianapolis Colts
64%
VII1973Miami Dolphins
60%
VIII1974Miami Dolphins
60%
VI1972Miami Dolphins
60%
XIX1985Miami Dolphins
60%
XVII1983Miami Dolphins
60%
XLVII2013Baltimore Ravens
59%
XXXV2001Baltimore Ravens
59%
XVIII1984Los Angeles Raiders
57%
XLVI2012New York Giants
57%
XXV1991New York Giants
57%
XLII2008New York Giants
57%
XXXV2001New York Giants
57%
XXI1987New York Giants
57%
XV1981Oakland Raiders
57%
XXXVII2003Oakland Raiders
57%
XI1977Oakland Raiders
57%
II1968Oakland Raiders
57%
VIII1974Minnesota Vikings
54%
XI1977Minnesota Vikings
54%
IV1970Minnesota Vikings
54%
IX1975Minnesota Vikings
54%
XLIX2015Seattle Seahawks
54%
XLVIII2014Seattle Seahawks
54%
XL2006Seattle Seahawks
54%
XLI2007Chicago Bears
53%
XX1986Chicago Bears
53%
LV2021Tampa Bay Buccaneers
53%
XXXVII2003Tampa Bay Buccaneers
53%
VII1973Washington Redskins
49%
XVII1983Washington Redskins
49%
XVIII1984Washington Redskins
49%
XXII1988Washington Redskins
49%
XXVI
1992
Washington Redskins
49%
XXXIII1999Atlanta Falcons
46%
LI2017Atlanta Falcons
46%
XXVIII1994Buffalo Bills
46%
XXVII1993Buffalo Bills
46%
XXVI1992Buffalo Bills
46%
XXV1991Buffalo Bills
46%
XXXVIII2004Carolina Panthers
46%
L2016Carolina Panthers
46%
XXXIV2000Tennessee Titans
34%
XLIV2010New Orleans Saints
30%
XXIX1995San Diego Chargers
30%
XLIII2009Arizona Cardinals
24%

Score Distribution

Percentile by Number Answered

Percent of People with Each Score

Your Score History

You have not taken this quiz